| 000 | 00902nam a22002777a 4500 | ||
|---|---|---|---|
| 001 | BR9104046 | ||
| 003 | BR-BrBNA | ||
| 005 | 20230928093634.0 | ||
| 007 | ta | ||
| 008 | 230509b bl.||||| |||| 00| 0 por d | ||
| 040 |
_aBR-BrBNA _bpor _cBiblioteca Nacional de Agricultura |
||
| 041 | _a(Por) | ||
| 072 |
_aQ02 _b1160 |
||
| 090 | _ 1160 BR9104046 | ||
| 110 | 1 |
_aSecretaria de Industria e Comercio, Fortaleza, CE (Brasil). Nucleo de Tecnologia Industrial _98985 |
|
| 245 | 1 | _aAproveitamento industrial do caju (Anacardium occidentale, L); estudo de metodos de processamento, estabilidade e utilizacao da farinha do pedunculo do caju - RT 002/78 | |
| 260 | 3 |
_aFortaleza, CE (Brasil): _c1978. |
|
| 300 | _a17 p. | ||
| 500 | _a8 ref. | ||
| 650 | _aCAJU | ||
| 650 | _aPEDUNCULO | ||
| 650 | _aFARINHA | ||
| 650 | _aINDUSTRIA ALIMENTICIA | ||
| 909 |
_a202309 _bLucia _c55 _dLucia Elande |
||
| 942 | _cBK | ||
| 999 |
_c46181 _d46181 |
||